000 00180 a2200097 4500
041 _aspa
100 _aMartin Jr, Bill
245 _aChica chica bum bum
942 _cBK
952 _71
999 _c25337
_d25337